<?xml version="1.0" encoding="UTF-8"?>
<collection xmlns="http://www.loc.gov/MARC21/slim">
 <record>
  <leader>01080nam a22001817a 4500</leader>
  <controlfield tag="001">NCT_4_002191</controlfield>
  <controlfield tag="008">231219b        xxu||||| |||| 00| 0 vie d</controlfield>
  <datafield tag="999" ind1=" " ind2=" ">
   <subfield code="c">7971</subfield>
   <subfield code="d">7971</subfield>
  </datafield>
  <datafield tag="020" ind1=" " ind2=" ">
   <subfield code="c">24000</subfield>
  </datafield>
  <datafield tag="082" ind1="0" ind2="4">
   <subfield code="2">23rd ed.</subfield>
   <subfield code="a">647.94</subfield>
   <subfield code="b">Ngh307V</subfield>
  </datafield>
  <datafield tag="245" ind1="0" ind2="0">
   <subfield code="a">Nghiệp vụ lễ tân khách sạn</subfield>
   <subfield code="b">Biên soạn từ Hội thi Lễ tân khách sạn ngành du lịch</subfield>
  </datafield>
  <datafield tag="260" ind1=" " ind2=" ">
   <subfield code="a">H.</subfield>
   <subfield code="b">Hà Nội</subfield>
   <subfield code="c">2002</subfield>
  </datafield>
  <datafield tag="300" ind1=" " ind2=" ">
   <subfield code="a">220tr.</subfield>
   <subfield code="c">21 cm</subfield>
  </datafield>
  <datafield tag="520" ind1="3" ind2=" ">
   <subfield code="a">Nhân viên lế tân khách sạn là người đầu tiên và là người cuối cùng đại diện khách sạn đón, tiếp xúc và tiễn khách; người đóng vai trò quan trọng trong việc giới thiệu, quảng bá khách sạn, thu hút và lưu giữu khách.</subfield>
  </datafield>
  <datafield tag="653" ind1=" " ind2=" ">
   <subfield code="a">Quản trị Dịch vụ Du lịch và Lữ hành</subfield>
  </datafield>
  <datafield tag="942" ind1=" " ind2=" ">
   <subfield code="2">ddc</subfield>
   <subfield code="c">BK</subfield>
  </datafield>
  <datafield tag="952" ind1=" " ind2=" ">
   <subfield code="0">0</subfield>
   <subfield code="1">0</subfield>
   <subfield code="2">ddc</subfield>
   <subfield code="4">0</subfield>
   <subfield code="6">647_940000000000000_NGH307V</subfield>
   <subfield code="7">0</subfield>
   <subfield code="9">28330</subfield>
   <subfield code="a">000001</subfield>
   <subfield code="b">000001</subfield>
   <subfield code="d">2023-12-19</subfield>
   <subfield code="o">647.94 Ngh307V</subfield>
   <subfield code="p">MD.22060</subfield>
   <subfield code="r">2023-12-19</subfield>
   <subfield code="v">24000.00</subfield>
   <subfield code="w">2023-12-19</subfield>
   <subfield code="y">BK</subfield>
  </datafield>
  <datafield tag="980" ind1=" " ind2=" ">
   <subfield code="a">Thư viện Trường Đại học Nam Cần Thơ</subfield>
  </datafield>
 </record>
</collection>
